[Event "Keres mem rapid"]
[Site "Kalev"]
[Date "1997.??.??"]
[Round "6"]
[White "Gavrikov, Viktor"]
[Black "Andersson, Ulf"]
[Result "1-0"]
[WhiteElo "2590"]
[BlackElo "2655"]

1.Nf3 Nf6 2.c4 e6 3.Nc3 d5 4.d4 Be7 5.Qc2 dxc4 6.e4 c5 7.dxc5 Qa5 8.Bxc4 Qxc5
9.Qe2 Nc6 10.O-O O-O 11.h3 Nd7 12.Bf4 Nde5 13.Nxe5 Nxe5 14.Bb3 Nc6 15.Be3 Qa5
16.f4 b6 17.Rfd1 Ba6 18.Qf3 Rad8 19.f5 Ne5 20.Qg3 Bc4 21.Bh6 g6 22.Bxf8 Rxf8
23.Kh1 Bf6 24.fxe6 fxe6 25.Qe3 Qb4 26.Ne2 Bg7 27.Nd4 Re8 28.Rac1 b5 29.a3 Qe7
30.Qg3 a6 31.Bc2 b4 32.Bb3 Bxb3 33.Qxb3 bxa3 34.bxa3  1-0

[Event "Keres mem rapid"]
[Site "Kalev"]
[Date "1997.??.??"]
[Round "8"]
[White "Kiik, Kalle"]
[Black "Andersson, Ulf"]
[Result "1-0"]
[WhiteElo "2380"]
[BlackElo "2655"]

1.e4 c5 2.Nf3 d6 3.c3 Nf6 4.Be2 g6 5.O-O Bg7 6.Re1 O-O 7.Bf1 Nc6 8.h3 e5
9.d3 d5 10.Nbd2 h6 11.exd5 Nxd5 12.Nc4 Qc7 13.a4 b6 14.Qb3 Be6 15.Bd2 a6
16.Qc2 b5 17.Ne3 Rad8 18.axb5 axb5 19.Ra6 Kh7 20.Ng4 Bc8 21.Raa1 f5 22.Ne3 Nf6
23.Qc1 Rfe8 24.Nc2 Bb7 25.Na3 Qb6 26.d4 cxd4 27.Bxb5 Ne4 28.cxd4 exd4 29.Bd3 Nb4
30.Bxb4 Qxb4 31.Nc2 Qb6 32.Ra4 Nc5 33.Rb4 Qa7 34.Rxe8 Rxe8 35.Bb5 Bxf3 36.Bxe8 Nd3
37.Qd2 Nxb4 38.Qxb4 Be4 39.Qd6 f4 40.Nb4 Qa1+ 41.Kh2 Qxb2 42.f3 Bb1 43.Nd5 Qe2
44.Ne7 Qe5 45.Bxg6+  1-0

[Event "Keres mem rapid"]
[Site "Kalev"]
[Date "1997.??.??"]
[Round "9"]
[White "Andersson, Ulf"]
[Black "Cramling, Pia"]
[Result "1/2-1/2"]
[WhiteElo "2655"]
[BlackElo "2545"]

1.e4 c5 2.Nf3 e6 3.c3 Nf6 4.e5 Nd5 5.d4 cxd4 6.Qxd4 Nc6 7.Qe4 f5 8.exf6 Nxf6
9.Qc2 d5 10.Bg5 Be7 11.Nbd2 O-O 12.Bb5 e5 13.Bxc6 bxc6 14.Nxe5 Bd6 15.f4  1/2-1/2

[Event "Amber-blind 6th"]
[Site "Monte Carlo"]
[Date "1997.??.??"]
[Round "1"]
[White "Van Wely, Loek"]
[Black "Andersson, Ulf"]
[Result "1-0"]
[WhiteElo "2645"]
[BlackElo "2655"]

1.d4 e6 2.c4 Bb4+ 3.Bd2 a5 4.g3 d5 5.Nf3 dxc4 6.a3 Be7 7.Qa4+ Bd7 8.Qxc4 Nf6
9.Ne5 Nc6 10.Nxd7 Qxd7 11.Bc3 Qd5 12.Qxd5 exd5 13.Nd2 O-O 14.Bg2 Rfe8 15.O-O Bf8
16.Rfe1 g6 17.Rac1 a4 18.e3 Ne7 19.f3 h5 20.e4 c6 21.e5 Nd7 22.f4 Bh6 23.Nf3 Nf8
24.Bf1 Ne6 25.Bd3 Red8 26.Rcd1 b6 27.Bb4 c5 28.Bc3 Bf8 29.Kg2 Nf5 30.Bxf5 gxf5
31.Nh4 Ng7 32.Kf3 Be7 33.Ng2 c4 34.Ne3 f6 35.h3 Kf7 36.Rh1 b5 37.Ra1 Rab8
38.Bb4 Bxb4 39.axb4 Rd7 40.g4 fxe5 41.dxe5 hxg4+ 42.hxg4 fxg4+ 43.Nxg4 d4
44.Nf6 Rdd8 45.Rag1  1-0

[Event "Amber-rapid 6th"]
[Site "Monte Carlo"]
[Date "1997.??.??"]
[Round "1"]
[White "Andersson, Ulf"]
[Black "Van Wely, Loek"]
[Result "0-1"]
[WhiteElo "2655"]
[BlackElo "2645"]

1.Nf3 Nf6 2.c4 g6 3.g3 Bg7 4.Bg2 O-O 5.O-O d6 6.Nc3 e5 7.d3 Re8 8.Rb1 a5
9.a3 c6 10.Bd2 h6 11.e4 Be6 12.b4 axb4 13.axb4 Nbd7 14.Re1 Qb8 15.h3 d5 16.b5 Qc7
17.bxc6 bxc6 18.exd5 cxd5 19.Nb5 Qb8 20.Nbd4 Qc7 21.Nxe6 Rxe6 22.cxd5 Nxd5
23.Ng5 Rd6 24.Ne4 Rda6 25.Qb3 N7b6 26.Rec1 Qd8 27.Rc6 Ra3 28.Qb5 Nc8 29.Rbc1 Na7
30.Qc4 Nxc6 31.Qxc6 Rxd3 32.Be1 Rb8 33.Kh2 Ne7 34.Qa6 Nf5 35.Ba5 Ra3 36.Rc5 Qd1
37.Rc8+ Rxc8 38.Qxc8+ Kh7 39.Bd8 Ra1 40.h4 Nd6 41.Nxd6 Qxd6 42.h5 Qd4 43.hxg6+ fxg6
44.Bb6  0-1

[Event "Amber-blind 6th"]
[Site "Monte Carlo"]
[Date "1997.??.??"]
[Round "3"]
[White "Andersson, Ulf"]
[Black "Lautier, Joel"]
[Result "1/2-1/2"]
[WhiteElo "2655"]
[BlackElo "2630"]

1.Nf3 Nf6 2.c4 g6 3.g3 Bg7 4.Bg2 O-O 5.O-O d6 6.Nc3 e5 7.d3 h6 8.Rb1 a5 9.a3 Re8
10.b4 axb4 11.axb4 e4 12.Ne1 Bf5 13.Nc2 exd3 14.exd3 c6 15.Ne3 Be6 16.Bb2 Qc8
17.Ne4 Nxe4 18.dxe4 Bxb2 19.Rxb2 Qc7 20.Qd2 Nd7 21.h3 Ra3 22.Rc1 Ne5 23.Rc3 Ra1+
24.Kh2 g5 25.f4 gxf4 26.gxf4 Ng6 27.Nf5 d5 28.cxd5 Bxf5 29.exf5 Qxf4+ 30.Qxf4 Nxf4
31.dxc6 bxc6 32.Bxc6 Re2+ 33.Rxe2 Nxe2 34.Rc2 Nd4 35.Rc4 Nxf5 36.b5 Ra2+
37.Kg1 Rb2 38.Rc5  1/2-1/2

[Event "Amber-blind 6th"]
[Site "Monte Carlo"]
[Date "1997.??.??"]
[Round "5"]
[White "Andersson, Ulf"]
[Black "Piket, Jeroen"]
[Result "1/2-1/2"]
[WhiteElo "2655"]
[BlackElo "2640"]

1.Nf3 Nf6 2.c4 c5 3.g3 Nc6 4.Bg2 d5 5.cxd5 Nxd5 6.d4 Bf5 7.Nc3 Nxc3 8.bxc3 Be4
9.O-O e6 10.Be3 cxd4 11.Nxd4 Bxg2 12.Kxg2 Qd5+ 13.Kg1 Nxd4 14.Bxd4 f6 15.Rb1 Qc6
16.Qb3 b6 17.a4 Be7 18.Qb5 Qxb5 19.Rxb5 e5 20.Be3 Kf7 21.a5 Rhc8 22.axb6 axb6
23.Rxb6 Rxc3 24.Rb7 Rac8  1/2-1/2

[Event "Amber-blind 6th"]
[Site "Monte Carlo"]
[Date "1997.??.??"]
[Round "6"]
[White "Ivanchuk, Vassily"]
[Black "Andersson, Ulf"]
[Result "1-0"]
[WhiteElo "2740"]
[BlackElo "2655"]

1.Nf3 Nf6 2.c4 e6 3.Nc3 d5 4.d4 Nbd7 5.Qc2 Be7 6.cxd5 exd5 7.Bf4 c6 8.h3 O-O
9.e3 Re8 10.Bd3 Nf8 11.Rb1 Ng6 12.Bh2 Bd6 13.Bxd6 Qxd6 14.O-O Bd7 15.b4 b6
16.Rfc1 Re7 17.Bf5 Bxf5 18.Qxf5 h6 19.a4 Ne4 20.Nxe4 Rxe4 21.Rc3 Rae8 22.Nd2 R4e6
23.g3 Ne7 24.Qf4 Qd7 25.b5 h5 26.Qf3 h4 27.g4 f5 28.gxf5 Rf6 29.bxc6 Nxc6
30.Rbc1 Ne7 31.Rc7 Qxf5 32.Qxf5 Nxf5 33.R1c6 Nd6 34.Rd7 Ref8 35.Rcxd6 Rxf2
36.Rg6  1-0

[Event "Amber-blind 6th"]
[Site "Monte Carlo"]
[Date "1997.??.??"]
[Round "7"]
[White "Andersson, Ulf"]
[Black "Anand, Viswanathan"]
[Result "0-1"]
[WhiteElo "2655"]
[BlackElo "2765"]

1.Nf3 Nf6 2.c4 g6 3.g3 Bg7 4.Bg2 O-O 5.O-O d6 6.Nc3 e5 7.d3 c6 8.b4 Re8 9.Rb1 a6
10.e4 Nbd7 11.h3 Nf8 12.Be3 Ne6 13.Qd2 Nd7 14.Kh2 Qe7 15.Bh6 Bh8 16.Ng1 Nd4
17.Nce2 b5 18.Nxd4 exd4 19.Rfc1 Bb7 20.f4 Nb6 21.Ne2 Na4 22.Rc2 bxc4 23.Rxc4 d5
24.Rc2 dxe4 25.dxe4 c5 26.e5 Bxg2 27.Kxg2 Qb7+ 28.Kh2 Rad8 29.Rb3 Qd5 30.Rd3 f6
31.bxc5 fxe5 32.fxe5 Bxe5 33.Qa5 Qe4 34.Nc1 Nc3 35.Qxa6 Kh8 36.c6 Rc8 37.Rf2 Rxc6
38.Qb7 Rcc8 39.Qf7 Qa8 40.Rf6 Rg8  0-1

[Event "Amber-rapid 6th"]
[Site "Monte Carlo"]
[Date "1997.??.??"]
[Round "7"]
[White "Anand, Viswanathan"]
[Black "Andersson, Ulf"]
[Result "1-0"]
[WhiteElo "2765"]
[BlackElo "2655"]

1.Nf3 Nf6 2.c4 e6 3.Nc3 Bb4 4.g3 b6 5.Bg2 Bb7 6.Qb3 c5 7.O-O O-O 8.a3 Bxc3
9.Qxc3 d5 10.d3 Nbd7 11.b4 Qe7 12.Bb2 d4 13.Qd2 e5 14.Nxd4 Bxg2 15.Nf5 Qe6
16.Qg5 Ne8 17.Kxg2 h6 18.Qg4 Ndf6 19.Qf3 e4 20.dxe4 Nxe4 21.Rfd1 Kh7 22.bxc5 bxc5
23.Rd5 N8f6 24.Bxf6 Nxf6 25.Rxc5 Rab8 26.Rd1 Rb2 27.Nd4 Qe7 28.Rb5  1-0

[Event "Amber-blind 6th"]
[Site "Monte Carlo"]
[Date "1997.??.??"]
[Round "8"]
[White "Karpov, Anatoly"]
[Black "Andersson, Ulf"]
[Result "1-0"]
[WhiteElo "2760"]
[BlackElo "2655"]

1.c4 Nf6 2.Nf3 e6 3.Nc3 b6 4.e4 Bb7 5.Bd3 c5 6.O-O d6 7.Bc2 Be7 8.d4 cxd4
9.Nxd4 O-O 10.b3 Nc6 11.Ba3 Rc8 12.Re1 Rc7 13.Ncb5 Rd7 14.Qe2 a6 15.Nxc6 Bxc6
16.Nd4 Ba8 17.Rad1 Qc7 18.Bb1 g6 19.Bb4 Rb8 20.a4 Rdd8 21.Qd2 Nd7 22.a5 Rdc8
23.axb6 Qxb6 24.Ba5 Qa7 25.Bc2 Nc5 26.Qe3 Bf8 27.h3 Qe7 28.Nf3 Bc6 29.b4 Nd7
30.Rd2 Nf6 31.e5 dxe5 32.Nxe5 Rxb4 33.Bd8  1-0

[Event "Amber-rapid 6th"]
[Site "Monte Carlo"]
[Date "1997.??.??"]
[Round "8"]
[White "Andersson, Ulf"]
[Black "Karpov, Anatoly"]
[Result "1/2-1/2"]
[WhiteElo "2655"]
[BlackElo "2760"]

1.Nf3 d5 2.d4 Nf6 3.c4 dxc4 4.e3 e6 5.Bxc4 c5 6.O-O Nc6 7.Qe2 Qc7 8.Nc3 a6
9.Rd1 Be7 10.h3 O-O 11.a3 b5 12.Bd3 cxd4 13.exd4 b4 14.Ne4 Nd5 15.axb4 Ncxb4
16.Bb1 a5 17.Bg5 Ba6 18.Qd2 f6 19.Bh4 Rfc8 20.Bg3 Qb6 21.Nc3 Nxc3 22.bxc3 Nd5
23.Rc1 Rc6 24.Be4 Bc4 25.Qc2 h6 26.Nd2 Rac8 27.Nxc4 Rxc4 28.Bxd5 exd5 29.Qf5 Rd8
30.Rcb1 Qa6 31.Re1 Bf8 32.Re6 Qc8 33.Rae1 Rc6 34.Qg4 Rxe6 35.Rxe6 a4 36.Qe2 a3
37.Ra6 Qxc3 38.Kh2 Qc8 39.Ra7 Qf5 40.Qb5 h5 41.Qb7 Qe6 42.h4 Kh7 43.Qb1+ Qe4
44.Qb6 Re8 45.Qxf6 Re7 46.Qa6 Qxd4 47.Ra8 Rf7 48.Qe6 Rf6 49.Qe2 Rf5 50.Qe6 Qe4
51.Qc6 Rf6 52.Qb5 Bd6 53.Ra4 Qe6 54.Bxd6 Qxd6+ 55.Kg1 Re6 56.Qd3+ g6 57.g3 Qc5
58.Rxa3 Re1+ 59.Kg2 Qc1 60.Ra6 Rg1+ 61.Kf3 Qd1+ 62.Qxd1 Rxd1 63.Rd6 Kg7 64.Ke2 Rd4
65.Ke3 Rd1  1/2-1/2

[Event "Pamplona 9798"]
[Site "Pamplona"]
[Date "1997.??.??"]
[Round "6"]
[White "Andersson, Ulf"]
[Black "Illescas Cordoba, Miguel"]
[Result "0-1"]
[WhiteElo "2640"]
[BlackElo "2585"]

1.Nf3 d5 2.d4 Nf6 3.c4 e6 4.g3 dxc4 5.Qa4+ Bd7 6.Qxc4 Bc6 7.Bg2 Bd5 8.Qd3 Be4
9.Qd1 c5 10.Nc3 Bc6 11.O-O Nbd7 12.Be3 Be7 13.dxc5 Bxc5 14.Bxc5 Nxc5 15.Qxd8+ Rxd8
16.Rac1 Ke7 17.b4 Ncd7 18.Rc2 Ne8 19.e4 Nd6 20.Rd1 Nb6 21.Nd4 Ndc4 22.Nxc6+ bxc6
23.Bf1 Rxd1 24.Nxd1 Rd8 25.Be2 Rd4 26.f3 Kd6 27.Kf2 g5 28.a4 a5 29.Bxc4 Nxc4
30.bxa5 Nxa5 31.Nc3 Rc4 32.Ke3 e5 33.h4 gxh4 34.gxh4 h5 35.Kd3 Rd4+ 36.Ke2 Rc4
37.Kd3 Rd4+ 38.Ke2 Rb4 39.Rd2+ Kc5 40.Rd7 Rb2+ 41.Kd1 Rh2 42.Rxf7 Rxh4 43.Ne2 Rh1+
44.Kc2 Nc4 45.Rh7 Rh2 46.Kd1 Rh1+ 47.Kc2 Rh2 48.Kd1 Nb2+ 49.Ke1 Nd3+ 50.Kd1 Nb2+
51.Ke1 Nd3+ 52.Kd1 h4 53.a5 Kb5 54.Rd7 Nf2+ 55.Ke1 Kxa5 56.Kf1 h3 57.Rd2 Rg2
58.Nc3 Ng4 59.Rxg2 Ne3+ 60.Kg1 Nxg2 61.Nd1 Kb4 62.Nf2 Nf4 63.Ng4 Nd3 64.Kh2 c5
65.Kxh3 c4 66.Ne3 c3 67.Kg4 Kb3 68.Kf5 Nb2  0-1

[Event "Ubeda"]
[Site "Ubeda"]
[Date "1997.??.??"]
[Round "4"]
[White "Illescas Cordoba, Miguel"]
[Black "Andersson, Ulf"]
[Result "0-1"]
[WhiteElo "2635"]
[BlackElo "2655"]

1.e4 c5 2.Nf3 d6 3.d4 cxd4 4.Nxd4 Nf6 5.Nc3 e6 6.Bc4 a6 7.O-O Be7 8.Bb3 Nc6
9.f4 Nxd4 10.Qxd4 O-O 11.f5 Kh8 12.Kh1 Bd7 13.Bg5 Qa5 14.Rad1 Rad8 15.Qd3 exf5
16.exf5 Bc6 17.Qd4 d5 18.Qh4 Rfe8 19.Rd3 Qc5 20.Rh3 Kg8 21.Bxf6 Bxf6 22.Qxh7+ Kf8
23.Qh8+ Ke7 24.Qh5 Rd7 25.Re1+ Kd8 26.Rxe8+ Kxe8 27.Qh8+ Ke7 28.Nd1 d4 29.Qg8 Qe5
30.Qxf7+ Kd8 31.Rh8+ Kc7 32.Qe8 Qxf5 33.Qe1 Re7 34.Qg3+ Kb6 35.Bc4 Qxc2 36.Bb3  0-1

[Event "Ubeda"]
[Site "Ubeda"]
[Date "1997.??.??"]
[Round "5"]
[White "Andersson, Ulf"]
[Black "Bareev, Evgeny"]
[Result "1/2-1/2"]
[WhiteElo "2655"]
[BlackElo "2665"]

1.d4 Nf6 2.Nf3 d5 3.c4 e6 4.g3 Bb4+ 5.Bd2 Be7 6.Bg2 c6 7.Qc2 O-O 8.O-O b6
9.Bf4 Nbd7 10.cxd5 cxd5 11.Rc1 Bb7 12.Nc3 Rc8 13.Qd1 Ne8 14.Rc2 g5 15.Bd2 Nd6
16.Rac1 f6 17.Ne1 f5 18.Nd3 Re8 19.Nb1 Rxc2 20.Rxc2 Qb8 21.Qc1 h6 22.Bb4 Rc8
23.Nd2 Rxc2 24.Qxc2 a5 25.Ba3 Bf6 26.Bxd6 Qxd6 27.e3 Qc6  1/2-1/2

[Event "Ubeda"]
[Site "Ubeda"]
[Date "1997.??.??"]
[Round "6"]
[White "Leko, Peter"]
[Black "Andersson, Ulf"]
[Result "1/2-1/2"]
[WhiteElo "2600"]
[BlackElo "2655"]

1.e4 e6 2.d4 d5 3.Nc3 Nf6 4.Bg5 dxe4 5.Nxe4 Be7 6.Bxf6 gxf6 7.Nf3 b6 8.Bc4 Bb7
9.Qe2 c6 10.O-O-O Qc7 11.Rhe1 Nd7 12.Kb1 O-O-O 13.Ba6 Bxa6 14.Qxa6+ Kb8 15.Qe2 Rhe8
16.c3 Nf8 17.g3 f5 18.Ned2 Ng6 19.Nc4 c5 20.Rd2 cxd4 21.Nxd4 Rc8 22.Ne3 Qb7
23.Nec2 a6 24.Red1 Rc7 25.a3 Rec8 26.Nb4 b5 27.Nb3 Qb6 28.Rd7 Rxd7 29.Rxd7 Rc7
30.Rxc7 Kxc7 31.Nd4 Bf6 32.Nbc2 h6 33.Qh5 Bg7 34.f4 Kd7 35.Qf3 Ne7 36.Qa8 Nc8
37.Nb4 a5 38.Nbc6 Bxd4 39.Nxd4 Nd6 40.Kc2 a4 41.h3 Qc5 42.g4  1/2-1/2

[Event "Ubeda"]
[Site "Ubeda"]
[Date "1997.??.??"]
[Round "7"]
[White "Andersson, Ulf"]
[Black "Timman, Jan H"]
[Result "1/2-1/2"]
[WhiteElo "2655"]
[BlackElo "2630"]

1.Nf3 Nf6 2.c4 g6 3.g3 Bg7 4.Bg2 O-O 5.O-O d5 6.cxd5 Nxd5 7.Nc3 c5 8.Nxd5 Qxd5
9.d3 Nc6 10.Be3 Bd7 11.Nd4 Qd6 12.Nxc6 Bxc6 13.Bxc6 Qxc6 14.Rc1 Qe6 15.Rxc5 Qxa2
16.Rb5 Qa6 17.Qb3 b6 18.Rb4 Rfb8 19.Rc4 b5 20.Rc7 e6 21.Rfc1 h5 22.Qb4 Qa4
23.Qe7 Rf8 24.b4 a5 25.bxa5 Qxa5 26.Rb7 Qa2 27.Rxb5 Qxe2 28.Rb3 Rad8 29.Qb7 Rxd3
30.Rxd3 Qxd3 31.h3 Qf5 32.Kg2 Qd5+ 33.Qxd5 exd5 34.Rc7 Bf6 35.Rd7 Rd8 36.Rxd8+ Bxd8
37.Kf3 Kf8 38.g4 Ke7 39.Bd4 Ke6 40.Ke3 Bf6  1/2-1/2

[Event "Ubeda"]
[Site "Ubeda"]
[Date "1997.??.??"]
[Round "8"]
[White "Lautier, Joel"]
[Black "Andersson, Ulf"]
[Result "1/2-1/2"]
[WhiteElo "2630"]
[BlackElo "2655"]

1.e4 c5 2.Nf3 d6 3.d4 cxd4 4.Nxd4 Nf6 5.Nc3 e6 6.g3 Nc6 7.Bg2 Bd7 8.O-O Be7
9.a4 Nxd4 10.Qxd4 O-O 11.Nb5 Qb8 12.Rd1 Rd8 13.Nxd6 Bxa4 14.Qxa4 Bxd6 15.Be3 a6
16.Qa5 Bc7 17.Qb4 e5 18.Bc5 b5 19.Be7 Rxd1+ 20.Rxd1 Qb6 21.Qc3 Re8 22.Bxf6 gxf6
23.Rd7 Bd6 24.Bh3 Kg7 25.Qf3 Re7 26.Qg4+ Kf8 27.Rxe7 Kxe7 28.Qh5 Bc5 29.Qf5  1/2-1/2

[Event "Pamplona 9798"]
[Site "Pamplona"]
[Date "1998.01.03"]
[Round "7"]
[White "Arizmendi Martinez, Julen Luis"]
[Black "Andersson, Ulf"]
[Result "0-1"]
[WhiteElo "2470"]
[BlackElo "2640"]

1.e4 c5 2.Nf3 d6 3.d4 cxd4 4.Nxd4 Nf6 5.Nc3 a6 6.Be2 e5 7.Nb3 Be7 8.Be3 Be6
9.Qd2 Nbd7 10.f4 Rc8 11.O-O-O b5 12.Kb1 O-O 13.h3 Qc7 14.Rhe1 Nb6 15.f5 Bd7
16.g4 Bc6 17.Bxb6 Qxb6 18.Bf3 b4 19.Nd5 Nxd5 20.exd5 Bd7 21.Be4 Bh4 22.Rf1 f6
23.Qe2 a5 24.Nd2 a4 25.Nf3 Bg3 26.g5 Kh8 27.Rg1 Bf4 28.gxf6 gxf6 29.Nh4 Rg8
30.Rg4 a3 31.b3 Qc5 32.c4 bxc3 33.Kc2 Rxg4 34.hxg4 Rg8 35.Rh1 Kg7 36.Ng2 Bg5
37.Rh3 Bb5 38.Qe1 Bd2 39.Qh4 h6  0-1

[Event "Pamplona 9798"]
[Site "Pamplona"]
[Date "1998.01.04"]
[Round "8"]
[White "Strikovic, Aleksa"]
[Black "Andersson, Ulf"]
[Result "0-1"]
[WhiteElo "2560"]
[BlackElo "2640"]

1.e4 c5 2.d3 Nc6 3.g3 g6 4.Bg2 Bg7 5.f4 d6 6.Nf3 e5 7.O-O Nge7 8.f5 gxf5
9.Nh4 f4 10.Qh5 Qd7 11.gxf4 Qg4 12.Qxg4 Bxg4 13.fxe5 Bxe5 14.Na3 Rg8 15.Nc4 Nd4
16.Nxe5 dxe5 17.Rf2 Ne2+ 18.Kf1 Nxc1 19.Rxc1 Ng6 20.Nf5 Nf4 21.Bf3 Bh3+ 22.Ke1 Rd8
23.Ng3 Rg5 24.Ne2 Nxe2 25.Kxe2 Rd6 26.Ke3 Ke7 27.c3 Rh6 28.b4 cxb4 29.cxb4 Kd6
30.Rd2 Be6 31.a4 Rh3 32.d4 b6 33.d5 Bd7 34.b5 f5 35.Rf2 fxe4 36.Kxe4 Rg6
37.Bd1 Rgh6 38.Rf3 Rxh2 39.Ke3 Rh1 40.Rf7 R6h3+ 41.Kf2 R3h2+ 42.Kg3 Rh3+
43.Kg2 R1h2+ 44.Kg1 Rh1+ 45.Kg2 R3h2+ 46.Kg3 Rh6 47.Rc6+ Bxc6 48.dxc6 Rg6+
49.Kf2 Rh2+ 50.Kf1 e4 51.Rd7+ Ke5 52.c7 Kf4 53.Rf7+ Ke3 54.Ke1 Rg1+ 55.Rf1 Rg8  0-1

[Event "Keres Rapid"]
[Site "Tallinn"]
[Date "1998.01.10"]
[Round "1"]
[White "Andersson, Ulf"]
[Black "Miezis, Normunds"]
[Result "1/2-1/2"]
[WhiteElo "2635"]
[BlackElo "2505"]

1.d4 Nf6 2.Nf3 c5 3.c4 cxd4 4.Nxd4 e5 5.Nb3 Nc6 6.Bg5 Bb4+ 7.N1d2 d5 8.a3 dxc4
9.axb4 cxb3 10.b5 Na5 11.Ne4 Qxd1+ 12.Rxd1 Ke7 13.Nxf6 gxf6 14.Bd2 Nc4 15.Bb4+ Ke8
16.Rd3 a5 17.bxa6 Rxa6 18.e4 Be6 19.Be2 Ra1+ 20.Rd1 Ra4 21.Bc5 b6 22.Bxc4 Rxc4
23.Bxb6 Rxe4+ 24.Kd2 Rg8 25.g3 Rb4 26.Be3 Bd5 27.Rhe1 Kd7 28.Ra1 Ke6 29.Rec1 Rd8
30.Ke2 Bc4+ 31.Kf3 Bd5+ 32.Ke2 Kf5 33.f3 Rc4 34.Rxc4 Bxc4+ 35.Kf2 h5 36.h3 Be6
37.Rc1 Kg6 38.h4 f5 39.Rc5 Bd5 40.Rc1 e4 41.f4 Be6 42.Rc6 Rd1 43.Rc1 Rd3
44.Rc7 Kf6 45.Ke2 Bd7 46.Rc1 Bb5 47.Kf2 Rd6 48.Rc3 Ba4 49.Rc4 Bd7 50.Rd4 Rxd4
51.Bxd4+ Ke6 52.Ke3 Kd5 53.Bc3 Kc4 54.Bd4 Be6 55.Be5 Bd5 56.Bf6 Bc6 57.Be5 Bb5
58.Bf6 Kd5 59.Bc3  1/2-1/2

[Event "Keres Rapid"]
[Site "Tallinn"]
[Date "1998.01.10"]
[Round "2"]
[White "Xie Jun"]
[Black "Andersson, Ulf"]
[Result "0-1"]
[WhiteElo "2485"]
[BlackElo "2635"]

1.e4 e6 2.d4 d5 3.Nd2 c5 4.exd5 Qxd5 5.Ngf3 cxd4 6.Bc4 Qd6 7.O-O Nf6 8.Nb3 Nc6
9.Nbxd4 Nxd4 10.Nxd4 a6 11.c3 Qc7 12.Qe2 Bd7 13.Rd1 Bd6 14.h3 O-O 15.Bd3 Bh2+
16.Kh1 Bf4 17.Nf3 Bxc1 18.Raxc1 Rfd8 19.c4 a5 20.b3 Qc5 21.Kg1 Bc6 22.Bc2 Kf8
23.Ne5 h6 24.Nxc6 Qxc6 25.Rd2 b6 26.Rcd1 Ke7 27.a3 Qc5 28.Qe3 Rxd2 29.Rxd2 Qxe3
30.fxe3 Rc8 31.Kf2 Nd7 32.Ke2 Ne5 33.Rd1 a4 34.bxa4 Rxc4 35.Bb3 Rc5 36.Rd4 Nc6
37.Rd2 Rc3 38.Rb2 Na5 39.Bd1 Nc4 40.Rb3 Rxb3 41.Bxb3 Ne5 42.Kd2 Kd6 43.Kc3 Kc5
44.Ba2 Ng6 45.Bc4 Nh4 46.Bf1 Nf5 47.Kd2 Nd6 48.Kc3 Ne4+ 49.Kc2 f5 50.Ba6 e5
51.Kd3 Ng3 52.Kc3 g5 53.Bd3 h5 54.Kd2 h4 55.Ke1 Kd5 56.Bb5 f4 57.Kd2 e4 58.Ba6 Kc5
59.Bb5 Nf5 60.exf4 gxf4 61.Kc3 Ne3 62.Ba6 Kd5 63.Bb7+ Ke5 64.Kb4 Nxg2 65.Kb5 e3
66.Bf3 Ne1 67.Bg4 f3 68.Kxb6 e2 69.a5 Nd3 70.a6 e1=Q 71.a4 Qe4 72.Bc8 f2
73.a7 Qd4+ 74.Ka6 f1=Q 75.a8=Q Nb4+ 76.Ka5 Qc5+  0-1

[Event "Keres Rapid"]
[Site "Tallinn"]
[Date "1998.01.10"]
[Round "3"]
[White "Andersson, Ulf"]
[Black "Atalik, Suat"]
[Result "0-1"]
[WhiteElo "2635"]
[BlackElo "2595"]

1.Nf3 d5 2.d4 c6 3.c4 e6 4.Qc2 Nf6 5.g3 b6 6.Bg2 Bb7 7.O-O Nbd7 8.Nbd2 c5
9.cxd5 Nxd5 10.a3 Rc8 11.e4 cxd4 12.Qa4 Nf6 13.Qxa7 Nc5 14.e5 Nd5 15.b4 Ra8
16.Qxa8 Qxa8 17.bxc5 Bxc5 18.Bb2 Nc3 19.Ne1 O-O 20.Bxb7 Qxb7 21.h3 Qd5 22.Nd3 Na4
23.Rab1 h5 24.Rfe1 Nxb2 25.Rxb2 Ra8 26.Ra1 g5 27.a4 Ra5 28.Nb3 Ra6 29.Nd2 Qc6
30.a5 Qd5 31.Rb5 Qa8 32.Nc4 Qc6 33.Rab1 h4 34.gxh4 Qf3 35.Ne1 Qe2 36.Nxb6 d3
37.Rxc5 d2 38.Nc2 d1=Q+ 39.Rxd1 Qxd1+ 40.Kg2 Qd2 41.Ne3 gxh4 42.Nbc4 Qd4
43.Rc7 Rc6 44.Rxc6 Qe4+ 45.Kh2 Qxc6 46.Nd2 Kg7 47.Ndc4 Kg6  0-1

[Event "Keres Rapid"]
[Site "Tallinn"]
[Date "1998.01.10"]
[Round "5"]
[White "Spassky, Boris V"]
[Black "Andersson, Ulf"]
[Result "1/2-1/2"]
[WhiteElo "2535"]
[BlackElo "2635"]

1.d4 d5 2.c4 e6 3.Nf3 Nf6 4.Bg5 Be7 5.Nc3 h6 6.Bh4 O-O 7.e3 b6 8.Be2 dxc4
9.O-O Bb7 10.Bxc4 Nbd7 11.Rc1 a6 12.a4 c5 13.Qe2 Ne4 14.Bxe7 Qxe7 15.Nxe4 Bxe4
16.Rfd1 cxd4 17.Nxd4 Bb7 18.Bd3 Nc5 19.Bc2 a5 20.f3 Rfd8 21.Qe1 Na6 22.Bd3 Nb4
23.Bb1 Rac8 24.Rxc8 Rxc8 25.Rc1  1/2-1/2

[Event "Keres Rapid"]
[Site "Tallinn"]
[Date "1998.01.11"]
[Round "6"]
[White "Andersson, Ulf"]
[Black "Ehlvest, Jaan"]
[Result "1/2-1/2"]
[WhiteElo "2635"]
[BlackElo "2610"]

1.Nf3 g6 2.d4 Bg7 3.e4 d6 4.Be2 Nd7 5.O-O e5 6.dxe5 dxe5 7.b3 Ngf6 8.Nbd2 O-O
9.Bb2 Qe7 10.a4 Rd8 11.Bc4 h5  1/2-1/2

[Event "Sigeman & Co"]
[Site "Malmo"]
[Date "1998.06.09"]
[Round "1"]
[White "Miladinovic, Igor"]
[Black "Andersson, Ulf"]
[Result "1/2-1/2"]
[WhiteElo "2565"]
[BlackElo "2635"]

1.d4 Nf6 2.c4 e6 3.Nc3 Bb4 4.g3 O-O 5.Bg2 d5 6.cxd5 exd5 7.Nf3 c6 8.O-O Re8
9.Ne5 Nbd7 10.Nd3 Bf8 11.Qc2 Nb6 12.Nc5 Nbd7 13.Nd3 Nb6 14.Nc5 Nbd7 15.Nd3 Nb6
16.Nc5  1/2-1/2

[Event "Sigeman & Co"]
[Site "Malmo"]
[Date "1998.06.12"]
[Round "4"]
[White "Brynell, Stellan"]
[Black "Andersson, Ulf"]
[Result "1/2-1/2"]
[WhiteElo "2475"]
[BlackElo "2635"]

1.e4 c5 2.Nf3 e6 3.c3 d5 4.exd5 exd5 5.d4 Nf6 6.Bg5 Nc6 7.Bb5 Qb6 8.Qe2+ Be6
9.Bxf6 gxf6 10.O-O O-O-O 11.dxc5 Bxc5 12.b4 Bd6 13.Nbd2 Kb8 14.Bxc6 Qxc6
15.Qd3 Rc8 16.Rac1 Ka8 17.Rfe1 Bb8 18.Nd4 Qd6 19.Nf1 h5  1/2-1/2

[Event "Sigeman & Co"]
[Site "Malmo"]
[Date "1998.06.13"]
[Round "5"]
[White "Andersson, Ulf"]
[Black "Hector, Jonny"]
[Result "1-0"]
[WhiteElo "2635"]
[BlackElo "2505"]

1.d4 d5 2.Nf3 Nf6 3.c4 c6 4.e3 Bf5 5.Bd3 e6 6.Nc3 Be7 7.O-O Nbd7 8.Bxf5 exf5
9.cxd5 cxd5 10.Qd3 g6 11.Qb5 a6 12.Qxb7 Qc8 13.Qxc8+ Rxc8 14.Bd2 Nb6 15.Rfc1 Kd7
16.Ne5+ Ke6 17.Ne2 Bd6 18.Nf4+ Ke7 19.Ba5 Rxc1+ 20.Rxc1 Rc8 21.Rxc8 Nxc8
22.h4 Ke8 23.Kf1 Ne7 24.Ned3 Nc6 25.Bc3 Bxf4 26.Nxf4 Kd7 27.Nd3 Kc7 28.Ke2 Nd7
29.f3 h5 30.Be1 Kb6 31.Bg3 Nf8 32.Nc5 Ne6 33.Na4+ Kb7 34.Nc3 f4 35.Bxf4 Ncxd4+
36.exd4 Nxf4+ 37.Kf2 Kc6 38.b3 Kd6 39.g3 Ne6 40.Ke3 Ng7 41.g4 g5 42.hxg5 hxg4
43.fxg4 Ne6 44.Na4 a5 45.Nc5 Nxg5 46.Nb7+ Kc6 47.Nxa5+ Kb6 48.b4 Ne4 49.a3 Nc3
50.Kf4 Nb5 51.Ke5 Nxa3 52.Kxd5 Nc2 53.Nc4+ Kb5 54.Nd6+ Kxb4 55.Ke4 f6 56.Ne8 Kc4
57.d5 Kc5 58.Nxf6 Kd6 59.g5 Ke7 60.d6+ Kxd6 61.g6 Ke7 62.g7  1-0

[Event "Sigeman & Co"]
[Site "Malmo"]
[Date "1998.06.14"]
[Round "6"]
[White "Lautier, Joel"]
[Black "Andersson, Ulf"]
[Result "1-0"]
[WhiteElo "2645"]
[BlackElo "2635"]

1.d4 Nf6 2.c4 e6 3.Nc3 Bb4 4.e3 c5 5.Ne2 cxd4 6.exd4 O-O 7.a3 Be7 8.d5 exd5
9.cxd5 d6 10.Nd4 Re8 11.Be2 Nbd7 12.O-O a6 13.Nf5 Bf8 14.Qc2 Ne5 15.Bg5 Bd7
16.Ne3 Ng6 17.h4 Be7 18.h5 Ne5 19.Nf5 Bxf5 20.Qxf5 Rc8 21.Rad1 Qd7 22.Qf4 h6
23.Bh4 b5 24.Rd4 Nh7 25.Bxe7 Qxe7 26.a4 bxa4 27.Rxa4 Nf6 28.Rxa6 Qb7 29.Qd2 Rb8
30.Rb1 Qb4 31.Ra4 Qb3 32.Bd1 Qb6 33.Rf4 Ned7 34.b4 Re5 35.Rc4 Qd8 36.Rc6 Qe7
37.Bf3 Rf5 38.Ra6 Ne5 39.Be2 Ned7 40.b5 Nc5  1-0

[Event "Sigeman & Co"]
[Site "Malmo"]
[Date "1998.06.15"]
[Round "7"]
[White "Andersson, Ulf"]
[Black "Hansen, Curt"]
[Result "1/2-1/2"]
[WhiteElo "2635"]
[BlackElo "2595"]

1.Nf3 g6 2.d4 Bg7 3.e4 d6 4.Be2 Nf6 5.Nc3 O-O 6.O-O c6 7.h3 Qc7 8.Bf4 Nbd7
9.e5 dxe5 10.Nxe5 Nxe5 11.Bxe5 Qa5 12.Re1 Bf5 13.Bf3 Rfe8 14.a3 Rac8 15.Qd2 Nd7
16.b4 Qd8 17.Bxg7 Kxg7 18.Rad1 Nf6 19.Na4 Qc7 20.g4 Bd7 21.c4 h6 22.Nc5 Rcd8
23.Qe3 Bc8 24.Nd3 Rd6 25.Ne5 Be6 26.h4 Qc8 27.Qf4 b5 28.Nxc6 Bxc4 29.g5 hxg5
30.hxg5 Rxc6 31.Bxc6 Qxc6 32.gxf6+ Qxf6 33.Qxf6+ Kxf6 34.Kg2 a5 35.bxa5 Bd5+
36.Kg3 Ra8 37.Re3 Rxa5 38.Rb1 e6 39.f3 Ke7 40.Rb4 g5 41.f4 gxf4+ 42.Kxf4 f6
43.Rc3 Kd6 44.Ke3 Bc6 45.Rb2 Ra7 46.Rh2 Ra4 47.Rh6 f5 48.Rh8 b4 49.axb4 Rxb4
50.Rd8+ Ke7 51.Rc8 f4+ 52.Kxf4 Rxd4+ 53.Ke3 Re4+ 54.Kd2  1/2-1/2

[Event "Sigeman & Co"]
[Site "Malmo"]
[Date "1998.06.16"]
[Round "8"]
[White "Degerman, Lars"]
[Black "Andersson, Ulf"]
[Result "1/2-1/2"]
[WhiteElo "2490"]
[BlackElo "2635"]

1.e4 c5 2.Nf3 e6 3.c4 Nc6 4.Nc3 Nge7 5.d4 cxd4 6.Nxd4 Nxd4 7.Qxd4 Nc6 8.Qd2 Bc5
9.Be2 O-O 10.O-O d6 11.b3 e5 12.Bb2 Qh4 13.Bd3 f5 14.exf5 Bxf5 15.Bxf5 Rxf5
16.Qd5+ Kh8 17.Ne4 Nd4 18.Bxd4 Bxd4 19.g3 Qe7 20.Rad1 Raf8 21.Qxd6 Qf7 22.Kg2 h6
23.Rd3 Bxf2 24.Qd5 Bd4 25.Qxf7 R5xf7 26.Rdf3 Rxf3 27.Rxf3 Ra8 28.Rf7 b6 29.Nd6 Bc5
30.Rd7 Kh7 31.Nf5 Kg6 32.g4 h5 33.Rxg7+ Kf6 34.h3 hxg4 35.hxg4 e4 36.Rd7 Rg8
37.Kg3 e3 38.Kf3 e2 39.Kxe2 Rxg4 40.Ne3 Re4 41.Rd3 Ke5 42.Kd2 Bb4+ 43.Kc1 Rh4
44.Nc2 Bf8 45.Rd5+ Kf6 46.Kd2 a5 47.a3 Bc5 48.Kc3 Rh3+ 49.Kb2 Rh4 50.Rd3 Ke5
51.Kc3 Ke4 52.b4 axb4+ 53.axb4 Bf2 54.Rd2 Rh3+ 55.Kb2 Bg1 56.Rd5 Bf2 57.Rd6 Bg1
58.Rg6 Bf2 59.Rg2 Rf3 60.Rg6 Rh3 61.Rd6  1/2-1/2